00382nam a2200121Ia 4500008004100000020001800041041000800059082003200067100003500099245009100134260002600225300000900251230411s9999 xx 000 0 und d a0-8151-4182-3 aeng aMS/610.73677/HAR/DIN/B03954 aHarkness Gail & Dincher Judith aInstructors Resource Manual to Accompany Medical Surgical Nursing : Total patient care bMosbyaSt Louisc1996 a339p